1777 1723 1259 1275 1052 1309 1242 1161 1104 1341 1488 1510 1459 1867 1288 1447 1719 1781 1125 1259 1662 1039 1952 1996 1398 1432 1234 1074 1124 1556 1509 1479 1171 1206 1316 1475 1033 1882 1715 1040 1213 1000 1413 1141 1015 1952 1699 1752 1691 1166 1424 1985 1155 1442 1742 1984 1955 1403 1058 1907 1241 1598 1289 1811 1309 1987 1619 1190 1836 1645 1115 1533 1612 1438 1480 1744 1203 1662 1693 1471 1449 1735 1428 1842 1558 1842 1115 1743 1311 1397 1526 1512 1484 1220 1646 1178 1149 1162 1838 BCNSPRNW ULIB Ver.6.0+V

เปลี่ยนเป็นภาษาไทย

Change to English
 แสดงรายละเอียดบรรณานุกรม
  กลับหน้าหลัก

Brief Record : Get Marc (ISO 2709) : E-mail record : QR code < ปิดหน้าต่าง
LEADER : 00000nam 2200000uu 4500
001    13399114440
003     ULIB
008    110627s||||||||th 000 0 tha d
020    9789747503142
090    นว.^bดบ911ก
100 0  ซอย ยูริ
245 00 กรุ่นกลิ่นไปรักดอกไม้แดง 1/^cซอย ยูริ
250    พิมพ์ครั้งที่ 2
260    กรุงเทพฯ :^bแจ่มใส,^c2550
300    223 หน้า
710 1  แจ่มใส
945    ^p159^l0^i021044
995    ทศพร
999 ^a ใช้งานได้ทุกระบบ
รายการนี้ยังไม่มีแท็ก
คุณยังไม่ได้ล็อกอิน คุณสามารถมีกิจกรรมร่วมกับเว็บไซต์ได้ แต่ต้องล็อกอินก่อน ::
  ล็อกอิน

รายการสื่อสารสนเทศ

ลำดับที่ ประเภท เลขเรียก/บาร์โค้ด สถานที่ สถานะ
1. นวนิยาย
นวนิยาย
นว. ดบ911ก  
  Barcode: 021044
ห้องสมุดวิทยาเขตสวรรค์ประชารักษ์
►นวนิยาย
บนชั้น
  ขอยืม

รายการใกล้เคียง
    ผู้แต่ง [ซอย ยูริ]

BibComment


ยังไม่เคยถูกคอมเมนท์

คอมเมนท์ทรัพยากรรายการนี้
  คอมเมนท์: กรุ่นกลิ่นไปรักดอ..


 Copyright 2026. Bcnsprnw @Library